00819cam a2200205 a 450000100100000000500170001000800410002704000230006808200190009110000400011024500580015026000710020830000270027949000240030649000310033050001310036150400340049265100340052683000530056000000578320200929151801.0870410r19831926uy b f001 0 spa  aDO-SdBNPcDLCdDLC a989.503bF178u1 aFalcao Espalter, Mario,d1892-1941.13aEl Uruguay entre dos siglos /cMario Falcao Espalter. aMontevideo, Uruguay :bMinisterio de Educación y Cultura,c1983. axvii, 219 p. ;c20 cm.1 aBiblioteca Artigas.1 aClásicos uruguayosv162. aReimpresión. Originalmente publicado: Entre dos siglos - el Uruguay Alrededor de 1800. Montevideo: Impr. Renacimiento, 1926. aBibliografía: p. VIII-XVII. 4aUruguayxHistoriayHASTA 1810 0aBiblioteca Artigas.pclásicos uruguayos ;v162